| 000 | 00358cam a2200145ua 4500 | ||
|---|---|---|---|
| 041 |
_aeng _h |
||
| 082 |
_a823.308 _bTHO/TO |
||
| 100 | _aMay, Thomas W . | ||
| 245 |
_aToilers of the sea / _cThomas W May. _hTextual Documents |
||
| 260 |
_aLondon : _bJ M Dent and Sons Ltd , _c1961. |
||
| 300 | _a389 ; . | ||
| 504 | _a | ||
| 942 | _cBK | ||
| 999 |
_c2602 _d2602 |
||